000 00491nam a2200133 a 4500
008 120416s1975 ||||||||||||||||| || u
050 _aHF 5616.E8 Old
100 _aOldham, Kenneth Michael
245 1 0 _aAccounting systems and practice in Europe
260 _aHampshire
_bGower
_c[1975(1979)
300 _axi, 183p.
350 _a0.00
995 _D0.00
_FCBU-MAIN LIBRARY (Kitwe)
_H1
_I0.00
_UAVAILABLE
_ZAnnex Low-Usage Collection
999 _c33374
_d33374